1309 1345 1876 1223 1739 1629 1788 1821 1947 1846 1940 1627 1109 1474 1597 1203 1519 1033 1612 1670 1285 1162 1612 1033 1996 1781 1508 1092 1408 1913 1468 1912 1665 1381 1201 1627 1349 1559 1772 1519 1473 1702 1707 1599 1361 1120 1627 1816 1978 1568 1248 1665 1985 1559 1818 1524 1377 1271 1020 1200 1380 1211 1354 1298 1223 1510 1061 1068 1399 1803 1706 1507 1553 1167 1649 1955 1690 1036 1192 1375 1201 1888 1059 1309 1584 1675 1438 1372 1962 1564 1908 1640 1684 1641 1010 1292 1900 1475 1135 BCNSPRNW ULIB Ver.6.0+V

เปลี่ยนเป็นภาษาไทย

Change to English
 แสดงรายละเอียดบรรณานุกรม
  กลับหน้าหลัก

Brief Record : Get Marc (ISO 2709) : E-mail record : QR code < ปิดหน้าต่าง
LEADER : 00000nam 2200000uu 4500
001    13399128113
003     ULIB
008    220526s2564||||th 000 0 tha d
020    ^a9786165771634
060 04 ^aWT101^bส783ค
100 0  ^aสุธรรม นันทมงคลชัย
245 10 ^aครอบครัวกับการส่งเสริมสุขภาพผู้สูงอายุ /^cสุธรรม นันทมงคลชัย
250    ^aพิมพ์ครั้งที่ 1
260    ^aกรุงเทพฯ :^bคณะสาธารณสุขศาสตร์ มหาวิทยาลัยมหิดล,^c2564
300    ^a[9], 228 หน้า :^bภาพประกอบ ;^c26 ซม.
504    ^aมีบรรณานุกรมและดัชนี
505 0  ^aแนวคิดเกี่ยวกับครอบครัว -- แนวคิดและทฤษฎฎีที่เกี่ยวข้องกับความสูงอายุ --สถานการณ์ แนวโน้มการเปลี่ยนแปลงและลักษณะของผู้สูงอายุไทย --ครอบครัวกับการส่งเสริมความรู้สึกมีคุณค่าในตนเองของผู้สูงอายุ --ครอบครัวกับการส่งเสริมความสุขในผู้สูงอายุ --ครอบครัวกับการส่งเสริมคุณภาพชีวิตผู้สูงอายุ --ครอบครัวกับแรงสนับสนุนทางสังคมในผู้สูงอายุ --ครอบครัวกับการส่งเสริมสุขภาพจิตผู้สูงอายุ --ครอบครัวกับการดูแลผู้สูงอายุที่มีภาวะสมองเสื่อม --ครอบครัวกับการป้องกันการหกล้มในผู้สูงอายุ --บทบาทครอบคัวในการดูแลผู้สูงอายุกลุ่มติดบ้าน ติดเตียง --การเตรียมตัวของครอบครัวในการดูแลผู้สูงอายุระยะยาว
650  4 ^aผู้สูงอายุ^xการดูแลและสุขวิทยา
650  4 ^aการส่งเสริมสุขภาพ^xในวัยชรา
650  4 ^aบริการสุขภาพ
650  4 ^aครอบครัว
650  4 ^aอนามัยครอบครัว
710 2  ^aมหาวิทยาลัยมหิดล.^bคณะสาธารณสุขศาสตร์.^bภาควิชาอนามัยครอบครัว
945    ^p200^l0^i008894
945    ^p200^l0^i008895
945    ^p200^l0^i008896
945    ^p200^l0^i008897
945    ^p200^l0^i008898
945    ^p200^l0^i008899
945    ^p200^l0^i008900
945    ^p200^l0^i008902
945    ^p200^l0^i008903
945    ^p200^l0^i008904
999    ^aประนอม เกษจรัล
รายการนี้ยังไม่มีแท็ก
คุณยังไม่ได้ล็อกอิน คุณสามารถมีกิจกรรมร่วมกับเว็บไซต์ได้ แต่ต้องล็อกอินก่อน ::
  ล็อกอิน

รายการสื่อสารสนเทศ

ลำดับที่ ประเภท เลขเรียก/บาร์โค้ด สถานที่ สถานะ
1. วิทยาศาสตร์การแพทย์ และสุขภาพ
หนังสือสำรอง
สถานะ=หนังสือสำรอง
WT101 ส783ค ฉ.1 
  Barcode: 008894
ห้องสมุดวิทยาเขตสวรรค์ประชารักษ์
►หนังสือทั่วไป
บนชั้น
2. วิทยาศาสตร์การแพทย์ และสุขภาพ
วิทยาศาสตร์การแพทย์ และสุขภาพ
WT101 ส783ค ฉ.10 
  Barcode: 008904
ห้องสมุดวิทยาเขตสวรรค์ประชารักษ์
►หนังสือทั่วไป
บนชั้น
3. วิทยาศาสตร์การแพทย์ และสุขภาพ
วิทยาศาสตร์การแพทย์ และสุขภาพ
WT101 ส783ค ฉ.2 
  Barcode: 008895
ห้องสมุดวิทยาเขตสวรรค์ประชารักษ์
►หนังสือทั่วไป
บนชั้น
4. วิทยาศาสตร์การแพทย์ และสุขภาพ
วิทยาศาสตร์การแพทย์ และสุขภาพ
WT101 ส783ค ฉ.3 
  Barcode: 008896
ห้องสมุดวิทยาเขตสวรรค์ประชารักษ์
►หนังสือทั่วไป
บนชั้น
5. วิทยาศาสตร์การแพทย์ และสุขภาพ
วิทยาศาสตร์การแพทย์ และสุขภาพ
WT101 ส783ค ฉ.4 
  Barcode: 008897
ห้องสมุดวิทยาเขตสวรรค์ประชารักษ์
►หนังสือทั่วไป
บนชั้น
6. วิทยาศาสตร์การแพทย์ และสุขภาพ
วิทยาศาสตร์การแพทย์ และสุขภาพ
WT101 ส783ค ฉ.5 
  Barcode: 008898
ห้องสมุดวิทยาเขตสวรรค์ประชารักษ์
►หนังสือทั่วไป
บนชั้น
7. วิทยาศาสตร์การแพทย์ และสุขภาพ
วิทยาศาสตร์การแพทย์ และสุขภาพ
WT101 ส783ค ฉ.6 
  Barcode: 008899
ห้องสมุดวิทยาเขตสวรรค์ประชารักษ์
►หนังสือทั่วไป
บนชั้น
8. วิทยาศาสตร์การแพทย์ และสุขภาพ
วิทยาศาสตร์การแพทย์ และสุขภาพ
WT101 ส783ค ฉ.7 
  Barcode: 008900
ห้องสมุดวิทยาเขตสวรรค์ประชารักษ์
►หนังสือทั่วไป
บนชั้น
9. วิทยาศาสตร์การแพทย์ และสุขภาพ
วิทยาศาสตร์การแพทย์ และสุขภาพ
WT101 ส783ค ฉ.8 
  Barcode: 008902
ห้องสมุดวิทยาเขตสวรรค์ประชารักษ์
►หนังสือทั่วไป
บนชั้น
10. วิทยาศาสตร์การแพทย์ และสุขภาพ
วิทยาศาสตร์การแพทย์ และสุขภาพ
WT101 ส783ค ฉ.9 
  Barcode: 008903
ห้องสมุดวิทยาเขตสวรรค์ประชารักษ์
►หนังสือทั่วไป
บนชั้น

รายการใกล้เคียง
    ผู้แต่ง [สุธรรม นันทมงคลชัย]

    หัวเรื่อง [บริการสุขภาพ]
    หัวเรื่อง [ครอบครัว]
    หัวเรื่อง [อนามัยครอบครัว]

BibComment


ยังไม่เคยถูกคอมเมนท์

คอมเมนท์ทรัพยากรรายการนี้
  คอมเมนท์: ครอบครัวกับการส่..


 Copyright 2026. Bcnsprnw @Library